Nuevas perspectivas en el derecho Societario y el Anteproyecto de reforma a la Ley de Sociedades Comerciales (Record no. 5213)
[ view plain ]
| 000 -CABECERA | |
|---|---|
| campo de control de longitud fija | 00714nam a22001337a 4500 |
| 020 ## - NUMERO INTERNACIONAL NORMALIZADO PARA LIBROS (ISBN) | |
| International Standard Book Number | 9508944935 |
| 080 ## - NUMERO DE CLASIFICACION DECIMAL UNIVERSAL (CDU) | |
| Número de la Clasificación Decimal Universal | 347.72 N 889 |
| 245 ## - MENCION DE TITULO | |
| Título propiamente dicho | Nuevas perspectivas en el derecho Societario y el Anteproyecto de reforma a la Ley de Sociedades Comerciales |
| 260 ## - PUBLICACION, DISTRIBUCION, ETC. (PIE DE IMPRENTA) | |
| Lugar de publicación, distribución, etc. | Buenos Aires: |
| Nombre del editor, distribuidor, etc. | Ad- Hoc, |
| Fecha de publicación, distribución, etc. | 2005 |
| 300 ## - DESCRIPCION FISICA | |
| Extensión | 677 P. |
| 650 ## - ASIENTO SECUNDARIO DE MATERIA - TERMINO TEMATICO | |
| Subdivisión general | sociedades |
| -- | personalidad juridica |
| -- | sociedad unipersonal |
| -- | atipicidad |
| -- | resolucion de conflictos |
| -- | arbitraje |
| -- | aportes irrevocables |
| -- | sociedades constituidas en el extranjero |
| -- | reembolso |
| -- | receso |
| -- | responsabilidad de administradores |
| -- | responsabilidad de socios |
| -- | grupos economicos |
| -- | participaciones societarias |
| -- | emision com prima |
| -- | cooperativa de trabajo |
| 942 ## - ELEMENTOS AGREGADOS (KOHA) | |
| Clasificación normalizada de Koha para alfabetizar | _ |
| 945 ## - INFORMACION DE PROCESAMIENTO LOCAL | |
| Responsable de carga/modificación | Celeste Delía |
| AAAA-MM-DD - Fecha de ingreso/modificación | 2022-08-24 |
| Retirado | Perdido | Fuente de clasificación | Dañado | No se presta | Ubicación permanente | Locación actual | Estante o sala | Fecha de adquisición | Total préstamos | Signatura topográfica | Inventario | Ultima fecha vista | Fecha del precio | Tipo de item de Koha |
|---|---|---|---|---|---|---|---|---|---|---|---|---|---|---|
| Bib. Derecho | Bib. Derecho | Sala de Lectura | 24/08/2022 | 347.72 N 889 | 204242 | 04/04/2025 | 24/08/2022 | LIBRO (Consulta) |
